000 00417nam a2200133Ia 4500
008 211119s9999||||xx |||||||||||||| ||und||
082 _a894.8123
_bMAL-Y
100 _aMalayattoor Ramakrishnan,
245 0 _aYakshi
260 _bSahityapravarthaka Sangom
_a1900
_cKottayam
300 _a158p
650 _aMalayalam Literature
_vMalayalam FictionMalayalam NovelsShort StoriesGeneralia
_xGeneral stack
942 _cBOOK
999 _c116363
_d116363